Logo BPK

Biblioteka

Politechniki Koszalińskiej

Mechanika płynów / (Rekord nr 55482)

Szczegóły MARC
000 -ETYKIETA REKORDU
podpole kontrolne o stałej długości 00676nam a2200241 i 4500
001 - NUMER KONTROLNY REKORDU
pole kontrolne bg
015 ## - NUMER BIBLIOGRAFII NARODOWEJ
Numer bibliografii narodowej PB 13561/2008
020 ## - MIĘDZYNARODOWY ZNORMALIZOWANY NUMER KSIĄŻKI - ISBN
ISBN 9788389334848
040 ## - ŹRÓDŁO KATALOGOWANIA
Instytucja, która utworzyła rekord BPK
041 ## - KOD JĘZYKA
Kod języka tekstu pol
044 ## - KOD KRAJU WYDAWCY/PRODUCENTA
Kod kraju wydawcy/producenta POL
080 ## - UNIWERSALNA KLASYFIKACJA DZIESIĘTNA - UKD
UKD 532(075.8)
920 ## - Międzynarodowy znormalizowany numer książki – ISBN
ISBN 978-83-89334-84-8
008 - POLE O STAŁEJ DŁUGOŚCI - DANE KONTROLNE
podpole kontrolne o stałej długości 080509s2007 pl a f f |001 0 pol
100 1# - NAZWA OSOBOWA
Nazwa osobowa Klugiewicz, Jan.
245 10 - TYTUŁ/ODPOWIEDZIALNOŚĆ
Tytuł Mechanika płynów /
Pozostałe elementy strefy tytułu i oznaczenia odpowiedzialności Jan Klugiewicz.
260 ## - STREFA ADRESU WYDAWNICZEGO
Miejsce wydania Bydgoszcz :
Nazwa wydawcy/dystrybutora Wydawnictwa Uczelniane Uniwersytetu Technologiczno-Przyrodniczego,
Data publikacji, dystrybucji/powstania dokumentu cop. 2007.
300 ## - STREFA OPISU FIZYCZNEGO
Objętość 284 s. :
Inne cechy fizyczne il. ;
Rozmiary 24 cm.
504 ## - UWAGA DOTYCZĄCA BIBLIOGRAFII
Informacje o bibliografii Bibliogr. s. 269. Indeks.
650 #9 - HASŁO PRZEDMIOTOWE W FORMIE NAZWY OGÓLNEJ LUB JEDNOSTKOWEJ
Nazwa ogólna lub geograficzna Mechanika płynów
655 ## - TERMIN INDEKSOWY - OKREŚLENIE RODZAJU/FORMY DOKUMENTU
Określenie rodzaju/formy dokumentu Podręczniki akademickie
856 ## - LOKALIZACJA I DOSTĘP DO ELEKTRONICZNYCH DOKUMENTÓW ZDALNYCH
Link (URL) http://koha.tu.koszalin.pl/cgi-bin/koha/opac-detail.pl?biblionumber=55482
Tekst linku Katalog online BPK
942 ## - DODATKOWE ELEMENTY (KOHA)
Typ dokumentu Książka
Egzemplarze
Wycofany Status egzemplarza Uszkodzony Dostępność Lokalizacja stała Lokalizacja bieżąca Miejsce przechowywania Sygnatura Kod kreskowy Dział Typ dokumentu
      Tylko na miejscu Czytelnia Wydziału Elektroniki i Informatyki, Wydziału Architektury i Wzornictwa, Wydziału Inżynierii Mechanicznej i Energetyki oraz Wydziału Inżynierii Lądowej, Środowiska i Geodezji Czytelnia Wydziału Elektroniki i Informatyki, Wydziału Architektury i Wzornictwa, Wydziału Inżynierii Mechanicznej i Energetyki oraz Wydziału Inżynierii Lądowej, Środowiska i Geodezji Czytelnia Wydziałowa ul. Śniadeckich 2 88726 02446547 532 Mechanika. Hydromechanika Książka
© 2023 Biblioteka Politechniki Koszalińskiej :: KOHA